| 000 | 02654nab a2200337 a 4500 | ||
|---|---|---|---|
| 005 | 20250224092020.0 | ||
| 008 | 991125c2018 sp qr p o 000 0 spa d | ||
| 035 | _aUPN01000223455 | ||
| 040 |
_aUPN _bspa _cUPN _eaacr2 |
||
| 049 | _aART-E | ||
| 100 | 1 |
_aRodríguez Rodríguez, Vicente _6- vicente.rodriguez@cchs.csic.es |
|
| 100 | 1 | _aRojo Pérez, Fermina | |
| 100 | 1 | _aFernández Mayoralas, Gloria | |
| 100 | 1 | _aPrieto Flores, María Eugenia | |
| 245 | 1 | 0 |
_a¿Cómo interpretan el envejecimiento activo las personas mayores en España?: evidencias desde una perspectiva no profesional _h[recurso electrónico en línea] |
| 506 | 0 | _aAcceso abierto | |
| 520 | 3 | _aLa población española está envejeciendo lo que, unido a una mejora de condiciones de vida, hace aumentar las posibilidades de desarrollar un envejecimiento activo. Investigadores y agentes sociales han intentado medirlo, a pesar de su dificultad. Este trabajo pretende analizar cómo las personas mayores en España construyen su envejecimiento activo, evaluando sus dimensiones, factores y efectos en su estilo de vida. Los datos cuantitativos proceden de la Encuesta Piloto del Estudio Longitudinal Envejecer en España (ELES-EP). Se complementan con 7 grupos focales a 50 personas de 50 y más años, participantes en ELES-EP, y 10 entrevistas en profundidad con responsables de organizaciones de la sociedad civil de personas mayores. Analizados con ATLAS.ti, aportan una visión no profesional sobre el envejecimiento activo. Los resultados muestran que estas personas en España no definen claramente el envejecimiento activo, pero identifican factores condicionantes relacionados con el pilar “participación”, las actividades principales (personales, culturales y sociales, de disfrute de tiempo libre, de participación en iniciativas sociales) y los beneficios que consiguen. Esta visión no profesional puede ser así comparada con la identificada en la literatura científica. Estudios futuros deberían encaminarse a obtener las claves para la conceptualización del envejecimiento activo por los propios protagonistas. | |
| 650 | 2 |
_927578 _aAdultos mayores |
|
| 650 | 2 |
_910712 _aEstilo de vida |
|
| 650 | 4 |
_aAprendizaje _92861 |
|
| 650 | 0 |
_911989 _aAbuelos y nietos |
|
| 653 | 0 | _aEnvejecimiento activo | |
| 653 | 0 | _aParticipación | |
| 653 | 0 | _aActividades | |
| 773 |
_gVol. 47, no. 1 (2018), p. 67-78 _tAula abierta (España) _x0210-2773 |
||
| 856 | 4 | _uhttps://reunido.uniovi.es/index.php/AA/article/view/12637 | |
| 856 | 4 | _uhttps://doi.org/10.17811/rifie.47.1.2018.63-66 | |
| 902 | _aGloria Jiménez/0224 | ||
| 905 | _aArticulo | ||
| 942 | _cART-E | ||
| 999 |
_c195552 _d195552 |
||